[Event "LAT-ch"]
[Site "Riga"]
[Date "2023.04.30"]
[Round "3"]
[White "Sinauridze, Simons"]
[Black "Starostits, Ilmars"]
[Result "0-1"]
[WhiteElo "2053"]
[BlackElo "2409"]
[PlyCount "118"]
[EventDate "2023.04.29"]
[EventType "swiss"]
[EventRounds "9"]
[EventCountry "LAT"]
[SourceTitle "EXT 2024"]
[Source "ChessBase"]
[SourceDate "2023.10.10"]
[SourceVersion "1"]
[SourceVersionDate "2023.10.10"]
[SourceQuality "1"]

1. e4 c5 2. Nf3 d6 3. d4 cxd4 4. Nxd4 Nf6 5. Nc3 g6 6. Be3 Bg7 7. f3 Nc6 8. Qd2 h5 9. 0-0-0 Bd7 10. h3 Rc8 11. Be2 h4 12. f4 Nh5 13. Nxc6 bxc6 14. Bg4 Rb8 15. e5 Ng3 16. Bxd7+ Qxd7 17. Rhe1 0-0 18. b3 Nf5 19. Bc5 Qc7 20. exd6 exd6 21. Ba3 Rfe8 22. Bb2 d5 23. Rxe8+ Rxe8 24. Ne2 Bxb2+ 25. Kxb2 Re4 26. Rf1 Qb6 27. Rf3 d4 28. g4 hxg3 29. Nxg3 Re3 30. Nxf5 Rxf3 31. Qe2 Re3 32. Nxe3 dxe3 33. Kc3 Qa5+ 34. Kd3 Qf5+ 35. Kxe3 Qxh3+ 36. Kd4 Qd7+ 37. Kc3 Qd5 38. b4 Kg7 39. a4 Kf6 40. Qe3 a6 41. Qd4+ Ke6 42. Qb6 Qf3+ 43. Kb2 Qe4 44. b5 Qb4+ 45. Kc1 Qxf4+ 46. Kd1 Qd6+ 47. Kc1 cxb5 48. Qe3+ Qe5 49. Qb6+ Kf5 50. Qxa6 Qe1+ 51. Kb2 Qb4+ 52. Kc1 Qxa4 53. Qc8+ Kg5 54. Qc5+ Kg4 55. Qg1+ Kh5 56. Qh2+ Qh4 57. Qe2+ Kh6 58. Qe8 Qf4+ 59. Kb2 b4 0-1

[Event "Zahara de la Sierra 2nd"]
[Site "Zahara de la Sierra"]
[Date "2023.04.07"]
[Round "5"]
[White "Iruzubieta Villaluenga, Jesus Maria"]
[Black "Starostits, Ilmars"]
[Result "1/2-1/2"]
[WhiteElo "2408"]
[BlackElo "2409"]
[PlyCount "31"]
[EventDate "2023.04.05"]
[EventType "tourn"]
[EventRounds "9"]
[EventCountry "ESP"]
[EventCategory "6"]
[SourceTitle "CBM 213 Extra"]
[Source "ChessBase"]
[SourceDate "2023.05.31"]
[SourceVersion "1"]
[SourceVersionDate "2023.05.31"]
[SourceQuality "1"]

1. e4 c6 2. Nc3 d5 3. Nf3 Bg4 4. h3 Bxf3 5. Qxf3 Nf6 6. Be2 e6 7. 0-0 dxe4 8. Nxe4 Nxe4 9. Qxe4 Nd7 10. d4 Nf6 11. Qd3 Be7 12. a4 a5 13. Bd2 0-0 14. Rad1 Qb6 15. Bc1 Rfd8 16. c3 1/2-1/2